Statistics for My hero Academia- Classement

Click here to take the quiz!

General Stats

  • This quiz has been taken 544 times
    (541 since last reset)
  • The average score is 12 of 16

Answer Stats

PlaceNom% Correct
1Katsuki Bakugo
99%
5-8Izuku Midoriya
98%
2Shoto Todoroki
97%
3-4Tenya Iida
86%
9-16Ochaco Uraraka
85%
5-8Eijiro Kirishima
82%
9-16Momo Yaoyorozu
82%
9-16Denki Kaminari
78%
3-4Fumikage Tokoyami
77%
5-8Mina Ashido
75%
9-16Hanta Sero
62%
9-16Yuga Aoyama
55%
9-16Hitoshi Shinso
54%
9-16Tetsutetsu Tetsutetsu
50%
9-16Mei Hatsume
45%
5-8Ibara Shiozaki
38%

Score Distribution

Percentile by Number Answered

Percent of People with Each Score

Your Score History

You have not taken this quiz since the last reset